Business and Information System (Record no. 5085)
[ view plain ]
| 000 -LEADER | |
|---|---|
| fixed length control field | 00539nam a22001697a 4500 |
| 003 - CONTROL NUMBER IDENTIFIER | |
| control field | BUBTL |
| 008 - FIXED-LENGTH DATA ELEMENTS--GENERAL INFORMATION | |
| fixed length control field | 160105b xxu||||| |||| 00| 0 eng d |
| 020 ## - INTERNATIONAL STANDARD BOOK NUMBER | |
| International Standard Book Number | 9788120322318 |
| 082 ## - DEWEY DECIMAL CLASSIFICATION NUMBER | |
| Edition number | 2nd |
| Classification number | 658.4038NIB |
| 100 ## - MAIN ENTRY--PERSONAL NAME | |
| Dates associated with a name | Robert C. Nickerson |
| 245 ## - TITLE STATEMENT | |
| Title | Business and Information System |
| Statement of responsibility, etc. | Nickerson C.Robert |
| 260 ## - PUBLICATION, DISTRIBUTION, ETC. (IMPRINT) | |
| Place of publication, distribution, etc. | New Delhi |
| Name of publisher, distributor, etc. | PHI Learning |
| Date of publication, distribution, etc. | 2001c |
| 300 ## - PHYSICAL DESCRIPTION | |
| Extent | [25] 494p |
| Other physical details | ill,tables |
| Dimensions | 25cm |
| Type of unit | Computer science |
| 856 ## - ELECTRONIC LOCATION AND ACCESS | |
| Password | 0 |
| Logon | 0 |
| Link text | Download |
| 942 ## - ADDED ENTRY ELEMENTS (KOHA) | |
| Source of classification or shelving scheme | |
| Koha item type | Books |
No items available.
